• 首页
  • 本馆介绍
  • 公告通知
  • 最新文献
  • 馆藏检索
  • 电子资源
  • 读者导购
  • 参考咨询
  • 我的图书馆
  • 登录
  • 详细信息显示
  • 放入我的书架
  • 预约/预借图书
  • 作者相关作品
  • 分类相关作品
  • 丛书相关作品
  • 出版社相关作品

书目信息

  • 表格格式
  • 工作单格式
  • 卡片格式
题名:
世界摄影大师人像人体摄影经典500幅鉴赏
    
 
作者: 紫都等 编著
分册: 上  
出版信息: 呼和浩特   远方出版社  2005
页数: 241页
开本: 20cm
丛书名: 世界绘画摄影大师画传
单 册:
中图分类: J433
科图分类:
主题词: 人物摄影--世界 , 人物摄影
电子资源:
ISBN: 7-80723-012-6
000 00770oam2 2200241 450
001 0123456214573
005 20070730111525.73
010    @a7-80723-012-6@dCNY25.00
100    @a20050707d2005 em y0chiy0110 ea
101 0  @achi
102    @aCN@b150000
105    @aa z 000yy
200 1  @a世界摄影大师人像人体摄影经典500幅鉴赏@AShi Jie She Ying Da Shi Ren Xiang Ren Ti She Ying Jing Dian 500 Fu Jian Shang@h上@f紫都等编著@FZi Dou Deng Bian Zhu
210    @a呼和浩特@c远方出版社@d2005
215    @a241页@c图@d20cm
225 2  @a世界绘画摄影大师画传
461  0 @12001 @a世界绘画摄影大师画传
606 0  @a人物摄影@y世界
606 0  @a人物摄影
690    @aJ433@v4
701  0 @a紫都等@AZi Dou Deng@4编著
801  0 @aCN@bWHC@c20070730
905    @a10447@dJ433@e213:1
    
    世界摄影大师人像人体摄影经典500幅鉴赏.上/紫都等编著.-呼和浩特:远方出版社,2005
    241页:图;20cm.-(世界绘画摄影大师画传)
    
    
    ISBN 7-80723-012-6:CNY25.00
    
●
相关链接 在E读中查询图书 在五车中查询图书 在当当中查询图书 在豆瓣中查询图书


正题名:世界摄影大师人像人体摄影经典500幅鉴赏     索取号:J433/213:1         预约/预借

序号 登录号 条形码 馆藏地/架位号 状态 备注
1 0789150   207891502   第一样本阅览室/ [索取号:J433/213:1] 在馆    
2 0789151   207891511   第一借阅区/ [索取号:J433/213:1] 在馆    
3 0789152   207891520   第一借阅区/ [索取号:J433/213:1] 在馆    
4 0789153   207891539   第一借阅区/ [索取号:J433/213:1] 在馆    
5 0789154   207891548   第一借阅区/ [索取号:J433/213:1] 在馆    
唐山师范学院图书馆 欢迎您!
大连网信软件有限公司© 版权所有